000 00715nam a2200229Ia 4500
003 GCL
008 140319s9999 xx 000 0 ara d
040 _aGCL /
_cGCL
082 0 4 _a810.8006
_bى ت
100 1 _aبالنثيا، انجل جنثالث
245 1 0 _aتاريخ الفكر الاندلسى /
_cبالنثيا، انجل جنثالث
700 1 _aحسين مؤنس
260 _aالقاهرة :
_bمكتبة الثقافة الدينية
300 _a718 ص ؛
_c24 سم
490 _a
650 0 4 _aالشعر العربى
650 0 4 _aالادب العربى
650 0 4 _aالنثر العربى
650 0 4 _aتاريخ ونقد
650 0 4 _aالمجموعات
942 _2ddc
_cBK
999 _c31484
_d31484